| 000 | 00800nam a2200205Ia 4500 | ||
|---|---|---|---|
| 999 |
_c5302 _d5302 |
||
| 003 | OSt | ||
| 005 | 20200515233527.0 | ||
| 008 | 191128s1944 sp fr 001 0 spa d | ||
| 040 |
_aCO-JMCR _cCO-JMCR |
||
| 041 | 0 | _aspa | |
| 082 | 0 | 4 |
_a330 / _bC745e _223 |
| 100 | 1 |
_aConde, Mario, _eautor _94455 |
|
| 245 | 1 | 0 |
_aEnsayo de reconstrucción de la ciencia económica / _cMario Conde |
| 260 |
_aBarcelona : _bLabor, _c1944 |
||
| 300 |
_axvi, 725 páginas ; _c21 cm. |
||
| 500 | _aIncluye índice de autores | ||
| 505 | 0 | _aLa noción del valor -- La noción del cambio -- La noción de la moneda -- La noción del precio -- La noción del salario -- La noción de la riqueza -- La noción del alquiler -- La noción del interés -- El valor de la moneda | |
| 650 | 1 | 4 |
_aEconomía _94456 |
| 942 |
_2ddc _cBK |
||